Maāsir-i-ʻālamgiri : (Record no. 20238)
[ view plain ]
| 000 -LEADER | |
|---|---|
| fixed length control field | 01093cam a2200289 a 4500 |
| 001 - CONTROL NUMBER | |
| control field | 20238 |
| 003 - CONTROL NUMBER IDENTIFIER | |
| rucl marc code | BD-RjUL |
| 005 - DATE AND TIME OF LATEST TRANSACTION | |
| control field | 20211209000534.0 |
| 008 - FIXED-LENGTH DATA ELEMENTS--GENERAL INFORMATION | |
| fixed length control field | 140227s1947 ii 001 0 eng |
| 035 ## - SYSTEM CONTROL NUMBER | |
| System control number | (BD-RjUL)20300 |
| 040 ## - CATALOGING SOURCE | |
| Original cataloging agency | DLC |
| Transcribing agency | DLC |
| Modifying agency | DLC |
| -- | BD-RjUL |
| Language of cataloging | eng |
| 041 1# - LANGUAGE CODE | |
| Language code of text/sound track or separate title | engper |
| 082 00 - DEWEY DECIMAL CLASSIFICATION NUMBER | |
| Classification number | 954.02580924 |
| Edition number | 19 |
| Author mark and year | KHM 1947 |
| 100 2# - MAIN ENTRY--PERSONAL NAME | |
| Personal name | Mustaidd Khan, Saqi, |
| Dates associated with a name | -1724. |
| 9 (RLIN) | 62384 |
| 245 10 - TITLE STATEMENT | |
| Title | Maāsir-i-ʻālamgiri : |
| Remainder of title | A history of the Emperor Aurangzib-ʻĀlamgir (reign 1658-1707 A.D.) of Saqi Mustʻad Khan / |
| Statement of responsibility, etc. | translated into English and annotated by Sir Jadu-nath Sarkar. |
| 260 ## - PUBLICATION, DISTRIBUTION, ETC. (IMPRINT) | |
| Place of publication, distribution, etc. | Calcutta : |
| Name of publisher, distributor, etc. | Royal asiatic society of bengal, |
| Date of publication, distribution, etc. | 1947. |
| 300 ## - PHYSICAL DESCRIPTION | |
| Pagination | vii, 350 p. ; |
| Size | 23 cm. |
| 500 ## - GENERAL NOTE | |
| General note | Translation of: Maʻāṣir-i ʻĀlamgīrī. |
| General note | Includes index. |
| 600 00 - SUBJECT ADDED ENTRY--PERSONAL NAME | |
| Personal name | Aurangzeb, |
| Titles and other words associated with a name | Emperor of Hindustan, |
| Dates associated with a name | 1618-1707. |
| 651 #0 - SUBJECT ADDED ENTRY--GEOGRAPHIC NAME | |
| Geographic name | Mogul Empire |
| General subdivision | History. |
| 9 (RLIN) | 19831 |
| Geographic name | Mogul Empire |
| General subdivision | Kings and rulers |
| -- | Biography. |
| 9 (RLIN) | 62386 |
| 700 1# - ADDED ENTRY--PERSONAL NAME | |
| Personal name | Sarkar, Jadunath, |
| Dates associated with a name | 1870-1958. |
| 942 ## - ADDED ENTRY ELEMENTS (KOHA) | |
| Source of classification or shelving scheme | Dewey Decimal Classification |
| Koha item type | Books |
| Lost status | Source of classification or shelving scheme | Damaged status | Not for loan | Collection code | Permanent Location | Current Location | Shelving location | Date acquired | Source of acquisition | Cost, normal purchase price | Total Checkouts | Full call number | Date last seen | Copy number | Koha item type |
|---|---|---|---|---|---|---|---|---|---|---|---|---|---|---|---|
| Dewey Decimal Classification | Non-fiction | Central Library, University of Rajshahi | Central Library, University of Rajshahi | 23/11/1962 | Farooq library | 15.50 | 954.02580924 KHM 1947 | 27/02/2014 | C-2 | Books |